O caminho secreto (Registo nº 35120)

Detalhes MARC
000 -Etiqueta do registo
Valores 00799nam a2200277 4500
010 ## - Número ISBN
ISBN 9726492920
021 ## - Número do Depósito Legal
Código do país Portugal
100 ## - Dados gerais de processamento
Dados gerais 20221007 frey50
101 1# - Língua de publicação
Língua Português
102 ## - País de publicação
País Portugal
200 1# - Titulo e menção de responsabilidade
Título próprio O caminho secreto
Primeira menção de responsabilidade Nik Butterworth
Outras menções de responsabilidade adapt. Maria Alberta Menéres
-- trad. Helena Canto e Melo
210 ## - Publicação
Local de publicação Porto
Nome do editor Desabrochar,
Data de publicação 1994
215 ## - Descrição física 
Paginação / Volumes 28 p., [1] f. desbobr.
Outras indicações físicas il
Dimensões 22 cm
225 2# - Colecção 
Título próprio da colecção Natureza
Indicação de volume 2
304 ## - Nota relativa ao título
Texto de nota Tít. orig. : The secret parh
606 ## - Nome comum usado como assunto
Palavra de ordem Conto infanto-juvenil
675 ## - CDU
Notação 087.5-053.5
Edição BN
Língua por
675 ## - CDU
Notação 821.111-34
Edição BN
Língua por
700 #1 - Autor principal
Apelido Butterworth,
Nome Nick
702 #1 - Autor secundário
Apelido Menéres,
Nome Maria Alberta,
Datas 1930-2019
Função Autor
702 #1 - Autor secundário
Apelido Melo,
Nome Helena Canto e
Função Tradutor
801 #0 - Fonte de origem
País PT
Agência RMBL
Regras de catalogação RPC
090 ## - Tipo de documento
Koha biblioitem number (autogenerated) 35120
990 ## - Elementos KOHA
Tipo de documento Livro
994 ## - Estado da catalogação
Situação Completo
Exemplares
Situação do levantamento Situação do extravio Biblioteca de origem Biblioteca de empréstimo Código de barras Cota Permissão de empréstimo Tipo de documento Forma de aquisição
  Completo Biblioteca da Escola Básica de Aguiar Biblioteca da Escola Básica de Aguiar 705 BA 087.5 BUT Disponível Livro  




Powered by Koha